| 000 | 01012nam a2200217Ia 4500 | ||
|---|---|---|---|
| 999 |
_c38966 _d38966 |
||
| 003 | OSt | ||
| 005 | 20210503153750.0 | ||
| 008 | 160316s1989 xxu||||| |||| 00| 0 eng d | ||
| 020 | _a 9780195623147 | ||
| 040 | _cn | ||
| 082 |
_a305.560000 _bELW-2 |
||
| 100 | _aElwin Verrier | ||
| 245 | _aThe tribal world of Verrier Elwin : An autobiography | ||
| 260 |
_aDelhi _bOxford University Press _c1989 |
||
| 300 | _a356p | ||
| 365 | _b Gratis | ||
| 505 | _aSummary: Verrier Elwin was an English missionary in India who was converted to Indian ways of thinking through contact with Mahatma Gandhi, the national movement, and tribal India. He studied and lived with several of the country's little-known tribes and became close to Gandhi as well as Nehru. This moving and well-written autobiography describes Elwin's remarkable experience in India and provides a fascinating look at this important pioneering anthropologist. | ||
| 650 | _a1.Autobiography - Elwin Verrier | ||
| 700 |
_a _a |
||
| 942 |
_2ddc _cBK |
||